000 00381nam a2200133Ia 4500
008 191111s9999 xx 000 0 und d
020 _a9781499434903
100 _aHardyman, Robyn.
245 _cRobyn Hardyman.--
_aUnderstanding credit and debt /
260 _aUSA :
_bThe Rosen Publishing Group, Inc.
_c2018
300 _a32 pages.
650 _aConsumer credit
650 _aDebt
999 _c362650
_d362650